Statistics for 2013 NHL Entry Draft 1st Round Selections

Click here to take the quiz!

General Stats

  • This quiz has been taken 260 times
  • The average score is 15 of 30

Answer Stats

PickPlayerJunior TeamNHL Team% Correct
1Nathan MackinnonHalifax MooseheadsColorado Avalanche
99%
2Aleksander BarkovTapparaFlorida Panthers
96%
3Jonathan DrouinHalifax MooseheadsTampa Bay Lightning
88%
4Seth JonesPortland WinterhawksNashville Predators
76%
9Bo HorvatLondon KnightsVancouver Canucks
67%
7Darnell NurseSault Ste. Marie GreyhoundsEdmonton Oilers
67%
5Elias LindholmBrynas IFCarolina Hurricanes
66%
6Sean MonahanOttawa 67sCalgary Flames
66%
8Rasmus RistolainenTPSBuffalo Sabes
59%
10Valeri NichushkinDynamo MoscowDallas Stars
51%
12Max DomiLondon KnightsPhoenix Coyotes
46%
21Frederik GauthierRimouski OceanicToronto Maple Leafs
44%
13Josh MorrisseyPrince Albert RaidersWinnipeg Jets
44%
25Michael McCarronUSNTDPMontreal Canadiens
43%
11Samuel MorinRimouski OceanicPhiladelphia Flyers
43%
14Alexander WennbergDjurgardens IFColumbus Blue Jackets
41%
20Anthony ManthaVal-d'Or ForeursDetroit Red Wings
37%
22Emile PoirierGatineau OlympiquesCalgary Flames
37%
15Ryan PulockBrandon Wheat KingsNew York Islanders
37%
23Andre BurakovskyMalmo RedhawksWashington Capitals
35%
24Hunter ShinkarukMedicine Hat TigersVancouver Canucks
35%
30Ryan HartmanPlymouth WhalersChicago Blackhawks
35%
17Curtis LazarEdmonton Oil KingsOttawa Senators
33%
27Marko DanoSlovan BratislavaColumbus Blue Jackets
33%
16Nikita ZadorovLondon KnightsBuffalo Sabres
33%
18Mirco MuellerEverett SilvertipsSan Jose Sharks
32%
19Kerby RychelWindsor SpitfiresColumbus Blue Jackets
30%
26Shea TheodoreSeattle ThunderbirdsAnaheim Ducks
30%
29Jason DickinsonGuelph StormDallas Stars
29%
28Morgan KlimchukRegina PatsCalgary Flames
27%

Score Distribution

Percentile by Number Answered

Percent of People with Each Score

Your Score History

You have not taken this quiz